| 000 | 00548nam a22001817a 4500 | ||
|---|---|---|---|
| 003 | AM-YeHGA | ||
| 040 | _aAM-YeHGA | ||
| 090 | _c454120 | ||
| 005 | 20250617160334.0 | ||
| 008 | 200923s ||||| |||| 00| 0 rus d | ||
| 041 | 0 | _arus | |
| 100 | 1 | _aЛарин, Сергей Васильевич. | |
| 245 | 1 | 0 |
_aНочлег на Буже : _b Рассказы / _cС. Ларин |
| 260 |
_aВладимир : _bКн. изд-во, _c1961 |
||
| 300 |
_a194 с., _bил. |
||
| 653 | 0 | _aСоветская литература | |
| 942 |
_2udc _cBK |
||
| 999 |
_c451184 _d451184 |
||